| 000 | 00579nam a22001697a 4500 | ||
|---|---|---|---|
| 003 | NUST | ||
| 038 | _aNusrat Nadeem | ||
| 082 | _a200 | ||
| 100 |
_aJaved, Haiqa _9120880 |
||
| 245 |
_aTHE IMPACT OF FRONT OF PACKAGE (FOP) FOOD NUTRITIONAL LABELLING STANDARDS ON CONSUMER SATISFACTION/ _cHaiqa Javed, |
||
| 264 |
_aIslamabad, _bNBS NUST, _c2023. |
||
| 300 |
_aill: _b90,p: _c30,cm. |
||
| 650 |
_aMS-Operations and Supply Chain _9122989 |
||
| 700 |
_aSupervisor: Dr. Muhammad Moazzam _9120133 |
||
| 856 | _uhttp://10.250.8.41:8080/xmlui/handle/123456789/42096 | ||
| 942 |
_2ddc _cSC |
||
| 999 |
_c607918 _d607918 |
||